| 000 | 00435nam a22001577a 4500 | ||
|---|---|---|---|
| 999 |
_c7606 _d7606 |
||
| 003 | GBCCL | ||
| 005 | 20241126110632.0 | ||
| 008 | 180904b ||||| |||| 00| 0 eng d | ||
| 040 | _cgbc | ||
| 082 |
_aVER 248.5 _bKHA |
||
| 245 |
_aKhang zing in lah Lalpa na sem in / _cedited by Kh. Khaizakham and Kaitinkap |
||
| 260 |
_c1993. _aChurachandpur: _bB Thanglianmang, |
||
| 300 | _a74p. ; | ||
| 650 |
_aChristian life _9183 |
||
| 942 |
_2ddc _cBK |
||